00313nam a2200121Ia 4500008004100000082001600041100001900057245002800076260003800104300001000142650001900152700002000171191201s2018 xx 000 0 und d a615.107 NYD aVyawahare, N.S 0aDrug Regulatory Affairs bNirali PrakashanaNew Delhic2018 a14.40 aPharmaceutics  aITKAR, Sachin.C